000 00875nam a2200253 i 4500
001 7120
003 ES-MaACL
005 20250814045704.0
007 t|
008 900821s1985 gw ||||1| ger d
020 _a3-515-04544-9
080 _a513:531
080 _a531:513
100 1 _aZiegler, Renatus.
_9118238
245 1 4 _aDie Geschichte der geometrischen mechanik im 19. Jahrhundert
_b: eine historisch-systematische Untersuchung von Mobius und Plucker bis zu Klein und Lindemann /
_cRenatus Ziegler.
260 _aStuttgart :
_bFranz Steiner V. Wiesbaden GmbH,
_c1985.
300 _aVII, 260 p. ;
_c23 cm.
490 1 _aBoethius ;
_vBd. 13
650 1 7 _aGeometrĂ­a
_2embne
_913096
650 1 7 _aMecánica
_2embne
_914869
830 0 _aBoethius ;
_vBd. 13
_9227858
852 _aES-MaACL
_jL-14413
_bR.115803
_z. - rust.
999 _c7120
_d7120